00565nam a2200181Ia 4500003000400000008004100004040001600045082002100061100002700082245010100109260003200210300001000242650002300252650001900275650002200294650003300316650003400349GCL140319s9999 xx 000 0 eng d aGCL / cGCL04a618b900092bH G1 aHARFOUCHE, JAMAL KARAM10aGROWTH AND ILLNESS PATTERNS OF LEBANESE INFANTS ( BIRTH - 18 MONTHS ) / cHARFOUCHE, JAMAL KARAM a[S.N] : bKHAYATS ، c1966 a277 P04aCHILDREN - LEBANON04aINFANTS - CARE04aCHILDREN - GROWTH04aCHILDREN - TREATMENT-LEBANON04aCHILDREN - DISEASES - LEBONAN